Sintaxis y composición
Guardat en:
| Autor principal: | |
|---|---|
| Format: | Llibre |
| Idioma: | espanyol |
| Publicat: |
Córdoba
Assandri
1960
|
| Matèries: | |
| Etiquetes: |
Afegir etiqueta
Sense etiquetes, Sigues el primer a etiquetar aquest registre!
|
MARC
| LEADER | 00000nam a2200000 a 4500 | ||
|---|---|---|---|
| 001 | UCJ9902 | ||
| 003 | CL-VaPUC | ||
| 008 | 070413e19600000AG |||||||||||||||||spa|d | ||
| 082 | 0 | 4 | |a 465 |b CAT |2 21 |
| 100 | 0 | |a Catinelli, Antonio |e author |9 519955 | |
| 245 | 1 | 0 | |a Sintaxis y composición |
| 300 | |a 157 p | ||
| 942 | |c BK | ||
| 945 | |d 20070413 00:00:00 |a jtorresc | ||
| 260 | |a Córdoba |b Assandri |c 1960 | ||
| 500 | |a Donación del Dr. Luis Gómez Macker | ||
| 650 | 0 | |a Gramática española |9 403055 | |
| 650 | 0 | |a Sintaxis |9 318843 | |
| 650 | 0 | |a Morfología |9 334440 | |
| 583 | |a last modification |c 20070413 00:00:00 |k Rodrigo Vera | ||
| 999 | |c 325245 |d 325243 | ||
| 952 | |0 0 |1 0 |4 0 |6 465_000000000000000_CAT_1960 |7 0 |8 A |9 405880 |a FDOPOS |b FDOPOS |d 2019-11-22 |i 4275217 |o 465 CAT 1960 |p 4275217 |r 2025-01-22 |w 2019-11-22 |y BK |k MLA | ||